Observació i anàlisi de fonts fotogràfiques / Albert González Masip
ISBN:
978-84-3938-012-2
Publicado:
Barcelona :
Generalitat de Catalunya. Departament de Cultura i Mitjans de Comunicació ,
2009
Descripción Física:
64 p. : fot. ; 29 cm
Colección:
Fem parlar les fonts ; 3
MARC
| LEADER | 00000nam a2200000Ia 4500 | ||
|---|---|---|---|
| 001 | 21736 | ||
| 008 | 160829s2009 xx 000 0 cat d | ||
| 020 | |a 978-84-3938-012-2 | ||
| 080 | |a A-3-5 | ||
| 100 | |a González Masip, Albert |9 45913 | ||
| 245 | |a Observació i anàlisi de fonts fotogràfiques / Albert González Masip | ||
| 260 | |a Barcelona : |b Generalitat de Catalunya. Departament de Cultura i Mitjans de Comunicació, |c 2009 | ||
| 300 | |a 64 p. : |b fot. ; |c 29 cm | ||
| 490 | |a Fem parlar les fonts ; 3 | ||
| 590 | |a Bibliografia. | ||
| 590 | |a A la part superior de la portada: Direcció General del Patrimoni Cultural, Arxiu Nacional de Catalunya. | ||
| 590 | |a A la coberta: Servei didàctic | ||
| 650 | |a Fotografies com a fonts d'informació |x Manuals, guies, etc. |9 45914 | ||
| 710 | 2 | |a Arxiu Nacional de Catalunya |9 55117 | |
| 710 | 1 | |a Catalunya. |b Departament de Cultura i Mitjans de Comunicació |9 55890 | |
| 901 | |a Arxiu | ||
| 942 | |n 1 | ||
| 952 | |0 0 |1 0 |4 0 |6 A35 |7 1 |9 52868 |a Arxiu |b Arxiu |d 2016-12-01 |l 0 |o A-3-5 |p 21736 |r 2016-12-01 00:00:00 |w 2016-12-01 |y ARXIU | ||
| 999 | |c 56717 |d 56717 | ||